000 00776cam a2200229 a 4500
001 1122926
005 20180315095823.0
008 940106s1994 nyua b 001 0 eng
010 _a 94002305
020 _a0671864416 :
_c$23.00 ($29.50 Can.)
040 _aDLC
_cDLC
_dDLC
041 _aeng
080 _a158.1 COV
082 0 0 _a158.1 COV
_220
100 1 _a57
101 _aBIZ
245 1 0 _aFirst things first :
_cStephen R. Covey, A. Roger Merrill, Rebecca R. Merrill.
504 _aIncludes bibliographical references and index.
906 _a7
_bcbc
_corignew
_d1
_eocip
_f19
_gy-gencatlg
942 _2ddc
_cBK
999 _c45172
_d45172